<?xml version="1.0" encoding="UTF-8"?>
<record
    xmlns:xsi="http://www.w3.org/2001/XMLSchema-instance"
    xsi:schemaLocation="http://www.loc.gov/MARC21/slim http://www.loc.gov/standards/marcxml/schema/MARC21slim.xsd"
    xmlns="http://www.loc.gov/MARC21/slim">

  <leader>00676nam a22001697a 4500</leader>
  <controlfield tag="003">OSt</controlfield>
  <controlfield tag="005">20130620093827.0</controlfield>
  <controlfield tag="008">130528s1981    sp ||||| |||| 00| 0 cat d</controlfield>
  <datafield tag="020" ind1=" " ind2=" ">
    <subfield code="a">8450051592</subfield>
  </datafield>
  <datafield tag="040" ind1=" " ind2=" ">
    <subfield code="c">CDMR</subfield>
  </datafield>
  <datafield tag="245" ind1="1" ind2="0">
    <subfield code="a">Guia de la premsa local i comarcal</subfield>
    <subfield code="b">: Alt Pened&#xE8;s, Anoia, Bages, Baix Llobregat, Bercelon&#xE8;s, Bergued&#xE0;, Garraf, Maresme, Osona, Vall&#xE8;s Occidental, Vall&#xE8;s Oriental</subfield>
  </datafield>
  <datafield tag="260" ind1=" " ind2=" ">
    <subfield code="a">Barcelona</subfield>
    <subfield code="b">Departament de Cultura i Mitjans de Comunicaci&#xF3;. Generalitat de Catalunya</subfield>
    <subfield code="c">1981</subfield>
  </datafield>
  <datafield tag="300" ind1=" " ind2=" ">
    <subfield code="a">198 p.</subfield>
  </datafield>
  <datafield tag="650" ind1="0" ind2="4">
    <subfield code="9">3717</subfield>
    <subfield code="a">Premsa comarcal</subfield>
    <subfield code="z">Catalunya</subfield>
    <subfield code="v">Manuals, guies, etc.</subfield>
  </datafield>
  <datafield tag="710" ind1="2" ind2=" ">
    <subfield code="9">3545</subfield>
    <subfield code="a">Direcci&#xF3; General de Mitjans de Comunicaci&#xF3;</subfield>
  </datafield>
  <datafield tag="942" ind1=" " ind2=" ">
    <subfield code="2">udc</subfield>
    <subfield code="c">MON</subfield>
  </datafield>
  <datafield tag="999" ind1=" " ind2=" ">
    <subfield code="c">6336</subfield>
    <subfield code="d">6336</subfield>
  </datafield>
  <datafield tag="952" ind1=" " ind2=" ">
    <subfield code="0">0</subfield>
    <subfield code="1">0</subfield>
    <subfield code="4">0</subfield>
    <subfield code="7">0</subfield>
    <subfield code="a">CDMR</subfield>
    <subfield code="b">CDMR</subfield>
    <subfield code="d">2013-01-16</subfield>
    <subfield code="l">0</subfield>
    <subfield code="o">Du 8/40</subfield>
    <subfield code="p">CDMR13056534F</subfield>
    <subfield code="r">2013-05-28</subfield>
    <subfield code="w">2013-05-28</subfield>
    <subfield code="y">MON</subfield>
  </datafield>
</record>
